Taylor Swift - Paroles Wi$h Li$t - Statistiques

Statistiques générales
  • Ce quiz a été pris 20 fois
    16 depuis la dernière actualisation
  • Le résultat moyen est 410 sur 435
Statistiques - réponses
Hint Réponse % Correct
a
100%
all
100%
baby
100%
(Baby)
100%
basketball
100%
block
100%
'bout
100%
couple
100%
d'
100%
do,
100%
do
100%
down,
100%
dreaming
100%
driveway
100%
get
100%
(Get
100%
got
100%
Got
100%
(Got
100%
have
100%
Have
100%
hoop
100%
(Hoop)
100%
Hope
100%
hope
100%
huh
100%
Bridge | Refrain I
100%
(I
100%
it
100%
just
100%
just,
100%
just)
100%
kids,
100%
kids
100%
like
100%
list
100%
(list)
100%
lookin'
100%
looking
100%
me
100%
(Ooh),
100%
(Ooh)
100%
settle
100%
should
100%
that
100%
the
100%
Couplet 1 | Couplet 2 They
100%
they
100%
up,
100%
want
100%
want)
100%
who
100%
whole
100%
wish
100%
(wish)
100%
with
100%
wow
100%
you,
100%
you
100%
(You,
100%
You
100%
you)
100%
(You)
100%
alone,
92%
an
92%
and
92%
And
92%
best
92%
Boss
92%
'Cause
92%
deserve
92%
did
92%
friend
92%
fuck
92%
had
92%
hot
92%
is
92%
know
92%
leave
92%
no
92%
not
92%
not)
92%
of
92%
off
92%
on
92%
once,
92%
tell
92%
then
92%
think
92%
to
92%
twice,
92%
us
92%
We
92%
we
92%
what
92%
world
92%
ass
85%
break
85%
bring
85%
but
85%
complex
85%
face
85%
fat
85%
female
85%
fucking
85%
guard
85%
internet
85%
life,
85%
my
85%
right,
85%
spring
85%
stars
85%
taken
85%
thought
85%
was
85%
yeah),
85%
(Yeah),
85%
call
77%
character
77%
contract
77%
could
77%
'em
77%
God,
77%
made
77%
Madrid
77%
Please,
77%
Real
77%
their
77%
video
77%
wishes
77%
wow
77%
bathroom
69%
caught
69%
dogs
69%
floor
69%
living
69%
Oscar
69%
three
69%
yacht
69%
bright
62%
critical
62%
freedom,
62%
good
62%
grid
62%
lights
62%
lit
62%
Or
62%
surf,
62%
those
62%
hypocrites
54%
shades
54%
smash
54%
under
54%
blades
46%
now
46%
Palme
46%
Balenci'
38%
chopper
38%
Aucun quiz correspondant
Distribution des résultats
% des personnes avec chaque résultat
Percentile par nombre de réponses
Votre historique - résultats
Vous n’avez pas pris ce quiz depuis la dernière actualisation